Úzkost o člověka /

Hlavní autor: Fiala, Milan, 1927-1963
Další autoři: Vymazal, Ladislav
Jazyk: Čeština
Vydáno: Ostrava : Profil, 1965
Vydání: 1. vyd.
Fyzický popis: 27, [1] s. ; příč. 8°
Knihy
Uloženo v:
LEADER 00869nam a22002532a 4500
001 000952376
003 CZ BrMZK
005 20091205161159.0
007 ta
008 090702s1965 xr er|||||||||||cze d
015 |a cnb000488848 
035 |a (OCoLC)42112585 
040 |a ABA001  |b cze  |c KLG001  |d ABA001 
100 1 |a Fiala, Milan,  |d 1927-1963  |7 jk01031013  |4 aut 
245 1 0 |a Úzkost o člověka /  |c Milan Fiala ; z autorovy pozůstalosti vybral, k vydání připavil a medailon napsal Ladislav Vymazal 
250 |a 1. vyd. 
260 |a Ostrava :  |b Profil,  |c 1965  |e (Krnov :  |f MTZ 14) 
300 |a 27, [1] s. ;  |c příč. 8° 
500 |a 1000 výt. 
700 1 |a Vymazal, Ladislav  |7 jn20010309419  |4 com  |4 wfw 
910 |a BOA001  |b 1-0550.347 
990 |a BK 
991 |b 200906 
996 6 |b 2619464377  |c 1-0550.347  |l MZK  |r Sklad / do 1 hodiny  |n 1  |w 001084231  |u 000010  |a 1  |e BOA001  |j MZK50  |s P